Business Analytics 3rd Ed. (Record no. 21422)
[ view plain ]
| 000 -LEADER | |
|---|---|
| fixed length control field | 00311nam a22001337a 4500 |
| 008 - FIXED-LENGTH DATA ELEMENTS--GENERAL INFORMATION | |
| fixed length control field | 250830b |||||||| |||| 00| 0 eng d |
| 020 ## - INTERNATIONAL STANDARD BOOK NUMBER | |
| ISBN | 978-93-903-9458-6 |
| 100 ## - MAIN ENTRY--AUTHOR NAME | |
| Personal name | J R Evans |
| 245 ## - TITLE STATEMENT | |
| Title | Business Analytics 3rd Ed. |
| 250 ## - EDITION STATEMENT | |
| Edition statement | 3rd |
| 260 ## - PUBLICATION, DISTRIBUTION, ETC. (IMPRINT) | |
| Place of publication | U P |
| Name of publisher | Pearson |
| Year of publication | 2024 |
| 300 ## - PHYSICAL DESCRIPTION | |
| Number of Pages | 704 |
| 942 ## - ADDED ENTRY ELEMENTS (KOHA) | |
| Source of classification or shelving scheme | Dewey Decimal Classification |
| Koha item type | Books |
| Accession Number | Cost, normal purchase price | Bill Date | Source of acquisition | Price effective from | Koha item type | Withdrawn / writtenoff status | Damaged status | Not for loan | Permanent Location | Current Location | Shelving location | Date acquired | Lost/ Missing status | department |
|---|---|---|---|---|---|---|---|---|---|---|---|---|---|---|
| BBA 371 | 970.00 | 19-08-2025 | ABD Publisher | 08/30/2025 | Books | MIET Library, Jammu | MIET Library, Jammu | 173/2 | 08/19/2025 | BBA | ||||
| BBA 372 | 970.00 | 19-08-2025 | ABD Publisher | 08/30/2025 | Books | MIET Library, Jammu | MIET Library, Jammu | 139/4 | 08/19/2025 | BBA | ||||
| BBA 373 | 970.00 | 19-08-2025 | ABD Publisher | 08/30/2025 | Books | MIET Library, Jammu | MIET Library, Jammu | 139/4 | 08/19/2025 | BBA | ||||
| BBA 374 | 970.00 | 19-08-2025 | ABD Publisher | 08/30/2025 | Books | MIET Library, Jammu | MIET Library, Jammu | 139/4 | 08/19/2025 | BBA | ||||
| BBA 375 | 970.00 | 19-08-2025 | ABD Publisher | 08/30/2025 | Books | MIET Library, Jammu | MIET Library, Jammu | 139/4 | 08/19/2025 | BBA |